[Event "Fredericia Chess 2024 Candidate"]
[Site "Fredericia Denmark"]
[Date "2024.05.10"]
[Round "1.1"]
[White "Hansen, Per"]
[Black "Kocak, Can"]
[Result "0-1"]
[WhiteElo "2121"]
[BlackElo "2088"]
[BlackFideId "6366929"]
[SourceTitle "Live"]

1. d4   d6  2. e4   Nf6  3. Nc3   g6  4. Bf4   c6  5. Qd2   b5  6. f3   Bb7  7. a4   b4  8. Nd1   a5  9. c3   Na6  10. Bd3  10... Bg7  11. Bh6   Bxh6  12. Qxh6   Qc7  13. Ne2   O-O-O  14. Ne3   Kb8  15. O-O   Ka8  16. Nc4   c5  17. Qf4   Nh5  18. Qe3   e6  19. e5   d5  20. Nd6  20... c4  21. Bc2   b3  22. Bd1   Ng7  23. Qg5   Nf5  24. Nb5   Qe7  25. f4   h5  26. g3   Qd7  27. h3   Rh7  28. Kf2   Bc6  29. Rg1   Rdh8  30. Rg2  30... Nc7  31. Ng1   Ne8  32. Nf3   Kb7  33. Be2   Bxb5  34. axb5   Kb6  35. Rgg1   Qc7  36. Ra4   f6  37. exf6   Ned6  38. Nd2   Nf7  39. Qxg6   Rh6  40. Qg5  40... Nxg5  41. fxg5   Rg6  42. h4   Nxh4  0-1

[Event "Fredericia Chess 2024 Candidate"]
[Site "Fredericia Denmark"]
[Date "2024.05.10"]
[Round "1.2"]
[White "Rossen, Claus"]
[Black "Light, Bjarne"]
[Result "1-0"]
[WhiteElo "2101"]
[BlackElo "2238"]
[WhiteFideId "1403222"]
[BlackFideId "1401360"]
[SourceTitle "Live"]

1. e4   c5  2. Nc3   Nc6  3. f4   g6  4. Nf3   Bg7  5. Bc4   e6  6. f5   Nge7  7. fxe6   fxe6  8. O-O   O-O  9. d3   d5  10. Bb3  10... h6  11. Kh1   Na5  12. Qe2   a6  13. Bd2   Nxb3  14. axb3   d4  15. Nb1   e5  16. Na3   Nc6  17. Nc4   Be6  18. Qe1   Qe7  19. Qg3   Bf7  20. Nh4  20... Kh7  21. Nb6   Rae8  22. Rf2   Qd6  23. Raf1   Bg8  24. Nc4   Qe6  25. Na5   Nd8  26. Rxf8   Rxf8  27. Rxf8   Bxf8  28. Nf3   Bg7  29. Qh4   Qe8  30. Ng5+  30... Kh8  31. Nf3   Qf8  32. Kg1   Bh7  33. Qh3   b5  34. Qc8   g5  35. h3   Nf7  36. Qxa6   b4  37. Nc4   Qe7  38. Qc8+   Bg8  39. Nb6   Qd8  40. Qxc5  40... h5  41. h4   gxh4  42. Nd5   Qd7  43. Qe7   Qg4  44. Qxh4   Nh6  45. Nxb4   Qg6  46. Qg5   Qe8  47. Nxe5   Bxe5  48. Qxh6+   Bh7  49. Nd5   Bg7  50. Qg5  50... Qc8  51. c4   dxc3  52. Bxc3   Qc5+  53. Kh1   Bd4  54. Qd8+   Kg7  55. Qe7+   Qxe7  56. Nxe7   Kf7  57. Bxd4   Kxe7  58. Kg1   Bg8  59. b4   Kd7  60. Kf2  60... Kc6  61. Ke3   Be6  62. Bc3   h4  63. d4   h3  64. d5+   Kd6  65. gxh3   Bxh3  66. Kd4   Bg2  67. e5+   Kd7  68. Be1  1-0

[Event "Fredericia Chess 2024 Candidate"]
[Site "Fredericia Denmark"]
[Date "2024.05.10"]
[Round "1.3"]
[White "Perets, Dmytro"]
[Black "Skaarup, Kasper"]
[Result "1-0"]
[WhiteElo "2208"]
[BlackElo "2054"]
[WhiteFideId "14174456"]
[BlackFideId "1446045"]
[SourceTitle "Live"]

1. Nf3   d5  2. c4   c6  3. d4   Nf6  4. Nc3   Bf5  5. cxd5   cxd5  6. e3   e6  7. Ne5   Nbd7  8. g4   Nxe5  9. dxe5   Nxg4  10. Qa4+  10... Ke7  11. Qb4+   Kd7  12. Qxb7+   Qc7  13. Bb5+   Kd8  14. Qxa8+   Ke7  15. Qe8#  1-0

[Event "Fredericia Chess 2024 Candidate"]
[Site "Fredericia Denmark"]
[Date "2024.05.10"]
[Round "1.4"]
[White "Poulsen, Iver"]
[Black "Nielsen Refs, Karl Emil Elmer"]
[Result "1/2-1/2"]
[WhiteElo "2130"]
[BlackElo "2182"]
[WhiteFideId "1405110"]
[SourceTitle "Live"]

1. e4   c5  2. Nf3   Nc6  3. Nc3   g6  4. d4   cxd4  5. Nxd4   Bg7  6. Be3   Nf6  7. Bc4   O-O  8. Bb3   d6  9. h3   Bd7  10. O-O  10... Qa5  11. Nf3   b5  12. a3   Rab8  13. Qd2   Rfc8  14. Bh6   Bh8  15. Bg5   Qd8  16. Rad1   Be8  17. Qe3   Qb6  18. Qxb6   axb6  19. Rfe1   Na5  20. Nd4  20... Rc5  21. Be3   Nc4  22. Bxc4   bxc4  23. a4   Ra5 24. Ndb5   Bc6  25. f3   Nd7  26. Bd4   Nc5  27. Bxh8   Kxh8  28. Na3   Nxa4  29. Nxc4   Rc5  30. Nxa4  30... Rxc4  31. b3   Rxc2  32. Rc1   Rxc1  33. Rxc1   Bxa4  34. bxa4   Kg7  35. Rb1   Ra8  36. Rb4   h5  37. Kf2   f5  38. Ke3   Kf6  39. Kd4   Ra5  40. Kc4  40... Rc5+  41. Kb3   Rc1  42. Rb5   fxe4  43. fxe4   Re1  44. e5+   Rxe5  45. Rxb6   Ra5  46. Kb4   Ra8  47. a5   Ke5  48. Kb5   Kf4  1/2-1/2

[Event "Fredericia Chess 2024 Candidate"]
[Site "Fredericia Denmark"]
[Date "2024.05.10"]
[Round "1.5"]
[White "Guindy, Esmat Susanne"]
[Black "Motzkus, Mikkel Vinther"]
[Result "0-1"]
[WhiteElo "2019"]
[BlackElo "2092"]
[WhiteFideId "1401637"]
[SourceTitle "Live"]

1. Nf3   d5  2. d4   Nf6  3. g3   e6  4. Bg2   Be7  5. O-O   O-O  6. c4   dxc4  7. Na3   Bxa3  8. bxa3   Bd7  9. Ne5   Bc6  10. Nxc6  10... Nxc6  11. Bb2   Qd7  12. Qc2   Na5  13. Bc3   Nc6  14. Rfd1   Nd5  15. Rab1   Rab8  16. a4   f5  17. Be1   Nb6  18. a5   Nd5  19. Qxc4   f4  20. Bh3  20... Rf6  21. Rd3   b6  22. e4   fxe3  23. fxe3   Rbf8  24. e4   Nde7  25. Qa4   Rh6  26. Bg2   Qe8  27. Bd2   Rhf6  28. e5   Rf2  29. Be3   Rxg2+  30. Kxg2  30... Qg6  31. Rbd1   Qe4+  32. Kg1   Nxe5  33. Bg5   Nxd3  34. Bxe7   Qe3+  35. Kg2   Qf3+  36. Kg1   Nf2  37. Bxf8   Nh3# 0-1

[Event "Fredericia Chess 2024 Candidate"]
[Site "Fredericia Denmark"]
[Date "2024.05.10"]
[Round "1.6"]
[White "Andersen, Lars Rene"]
[Black "Hansen, Lars"]
[Result "0-1"]
[WhiteElo "2062"]
[BlackElo "2191"]
[WhiteFideId "1404792"]
[BlackFideId "1402528"]
[SourceTitle "Live"]

1. g3   d5  2. Bg2   Nf6  3. c4   dxc4  4. Qa4+   c6  5. Qxc4   e5  6. Nf3   Bd6  7. d3   O-O  8. O-O   Be6  9. Qc2   Na6  10. a3  10... Nc7  11. Nbd2   Bf5  12. b3   Re8  13. Bb2   Nd7  14. Nc4   Qe7  15. Nxd6   Qxd6  16. Ng5   Qh6  17. Bc1   Ne6  18. Nxe6   Qxe6  19. Re1   Bh3  20. Bf3  20... Nf6  21. Rb1   Rad8  22. Be3   a6  23. Bg5   Rd7  24. Bxf6   Qxf6  25. b4   Red8  26. a4   Rxd3  27. Rbd1   R3d4  28. Rxd4   Rxd4  29. b5   axb5  30. axb5  30... cxb5  31. Bxb7   Qd6  32. Be4   g6  33. e3   Rd2  34. Qc1   b4  35. Bg2   Bg4  36. f3   Be6  37. Kf1 0-1

[Event "Fredericia Chess 2024 Candidate"]
[Site "Fredericia Denmark"]
[Date "2024.05.11"]
[Round "2.1"]
[White "Kocak, Can"]
[Black "Rossen, Claus"]
[Result "1-0"]
[WhiteElo "2088"]
[BlackElo "2101"]
[WhiteFideId "6366929"]
[BlackFideId "1403222"]
[SourceTitle "Live"]

1. e4   c5  2. g3   d5  3. exd5   Qxd5  4. Nf3   Bg4  5. Bg2   Qe4+  6. Kf1   Nc6  7. Nc3   Qe6  8. h3   Bh5  9. d3   Qd7  10. Be3  10... e5  11. Nxe5   Bxd1  12. Nxd7   Bxc2  13. Nxf8   Bxd3+ 14. Kg1   Kxf8  15. Bxc5+   Nge7  16. Re1   Re8  17. Kh2   Bc4  18. Nd5   h5  19. b3   Bxd5  20. Bxd5  20... Rh6  21. Re4   Nd8  22. Rhe1   Ne6  23. Bxe6   Rxe6  24. Rxe6   fxe6  25. Rxe6   Kf7  26. Rxe7+   Rxe7  27. Bxe7   Kxe7  28. g4   h4  29. Kg2   Ke6  30. f4  30... Kd5  31. Kf3   Kd4  32. f5   Ke5  33. Ke3   a5  34. a4  1-0

[Event "Fredericia Chess 2024 Candidate"]
[Site "Fredericia Denmark"]
[Date "2024.05.11"]
[Round "2.2"]
[White "Motzkus, Mikkel Vinther"]
[Black "Perets, Dmytro"]
[Result "1-0"]
[WhiteElo "2092"]
[BlackElo "2208"]
[BlackFideId "14174456"]
[SourceTitle "Live"]

1. c4   c5  2. g3   Nc6  3. Bg2   g6  4. Nf3   Bg7  5. O-O   d6  6. Nc3   Nh6  7. a3   Nf5  8. e3   h5  9. h3   Bd7  10. Rb1  10... Qc8  11. b4   cxb4  12. axb4   Nh6  13. h4   Bf5  14. e4   Bg4  15. Nd5   e6  16. Ne3   O-O  17. d3   Nd4  18. Nxg4   Nxg4  19. Nxd4   Bxd4  20. Bb2  20... Bxb2  21. Rxb2   Qc7  22. Qd2   e5  23. Bh3   Kg7  24. Kg2   Qe7  25. f3   Nh6  26. d4   Rad8  27. d5   f5  28. Rc1   b6  29. Rbc2   f4  30. Qf2  30... g5  31. Be6   Kh8  32. c5   bxc5  33. bxc5   dxc5  34. Rxc5   g4  35. Rc7   Qf6  36. fxg4   hxg4  37. Qxa7   Qg6  38. R1c4   fxg3  39. h5   Rf2+  40. Kxg3  40... Rf3+  41. Kg2   Qxe6  42. Rh7+   Kg8  43. Qg7#  1-0

[Event "Fredericia Chess 2024 Candidate"]
[Site "Fredericia Denmark"]
[Date "2024.05.11"]
[Round "2.3"]
[White "Nielsen Refs, Karl Emil Elmer"]
[Black "Hansen, Lars"]
[Result "1-0"]
[WhiteElo "2182"]
[BlackElo "2191"]
[BlackFideId "1402528"]
[SourceTitle "Live"]

1. d4   e6  2. c4   b6  3. e4   Bb4+  4. Nc3   Bb7  5. f3   f5  6. Bd3   Nh6  7. Nh3   Qh4+  8. Nf2   fxe4  9. fxe4   O-O  10. g3  10... Qf6  11. Be3   Nc6  12. a3   Bd6  13. e5   Nxe5  14. dxe5   Qxe5  15. Be4   Bxe4  16. Bd4   Bxh1+  17. Bxe5   Bf3  18. Qd4   Bc5  19. Qd2   Bxf2+  20. Qxf2  20... Ng4  21. Qd4   d6  22. Bxg7   e5  23. Qd2   Kxg7  24. Nd5   c6  25. Nc7   d5  26. Nxa8   Rxa8  27. Qg5+   Kh8  28. h3   Rg8  29. Qe7   Nh6  30. Qf6+  30... Rg7  31. Qxf3   Rf7  32. Qh5   Rf6  33. Qxe5  1-0

[Event "Fredericia Chess 2024 Candidate"]
[Site "Fredericia Denmark"]
[Date "2024.05.11"]
[Round "2.4"]
[White "Hansen, Per"]
[Black "Poulsen, Iver"]
[Result "1-0"]
[WhiteElo "2121"]
[BlackElo "2130"]
[BlackFideId "1405110"]
[SourceTitle "Live"]

1. d4   d5  2. Nc3   Nf6  3. Bf4   c5  4. e3   cxd4  5. exd4   Bg4  6. f3   Bd7  7. Nb5   Bxb5  8. Bxb5+   Nc6  9. c3   e6  10. Ne2  10... a6  11. Bd3   Rc8  12. O-O   Bd6  13. Bxd6   Qxd6  14. g4   h6  15. Bc2   Na5  16. b3   Nc6  17. Qd3   Qc7  18. a3   Nb8  19. Rfe1   Nbd7  20. Rac1  20... Nf8  21. Qe3   N8h7  22. Kg2   Nf8  23. c4   Qe7  24. c5   N8d7  25. b4   Kf8  26. Ng3   g6  27. h4   Kg7  28. h5   Rhe8  29. hxg6   fxg6  30. g5  30... hxg5  31. Qxg5   Qf7  32. a4   Rh8  33. Rh1   Rce8  34. Rce1   Nf8  35. Rxh8   Kxh8  36. Rh1+   N6h7  37. Ne2   Qg7  38. Qe5   Nd7  39. Qxg7+   Kxg7  40. Nf4  40... Nhf8  41. Re1   Kf7  42. b5   axb5  43. axb5   Ra8  44. Re2   g5  45. Nh3   Kf6  46. Nf2   Ra5  47. c6   bxc6  48. bxc6   Nb6  49. Ng4+   Ke7  50. Ne5  50... Kd6  51. Kg3   Nc4  52. Nxc4+   dxc4  53. Be4   e5  54. d5   Ra7  55. Rh2   c3  56. Rh6+   Kc5  57. d6   c2  58. c7  1-0

[Event "Fredericia Chess 2024 Candidate"]
[Site "Fredericia Denmark"]
[Date "2024.05.11"]
[Round "2.5"]
[White "Skaarup, Kasper"]
[Black "Light, Bjarne"]
[Result "1-0"]
[WhiteElo "2054"]
[BlackElo "2238"]
[WhiteFideId "1446045"]
[BlackFideId "1401360"]
[SourceTitle "Live"]

1. d4   Nf6  2. Bg5   d5  3. Nd2   Nbd7  4. Ngf3   c5  5. e3   Qb6  6. b3   Ne4  7. Nxe4   dxe4  8. Ne5   cxd4  9. exd4   Nxe5  10. dxe5  10... Qa5+  11. Qd2   Qxe5  12. Rd1   Be6  13. Bf4   Qf5  14. Qb4   f6  15. Qxb7   Rc8  16. Qb5+   Qxb5  17. Bxb5+   Kf7  18. c4   g5  19. Be3   Rg8  20. Rd2  20... Rc7  21. Rd8   Bg7  22. Rxg8   Kxg8  23. h4   h6  24. hxg5   hxg5  25. Kd2   Bg4  26. a4   e6  27. b4   Bf8  28. Kc3   Be7  29. c5   e5  30. Bc4+  30... Kg7  31. Bd5   f5  32. f3   exf3  33. gxf3   f4  34. fxg4   fxe3  35. a5   Bxc5  36. bxc5   Rxc5+  37. Bc4   Rxa5  38. Kb4  1-0

[Event "Fredericia Chess 2024 Candidate"]
[Site "Fredericia Denmark"]
[Date "2024.05.11"]
[Round "2.6"]
[White "Andersen, Lars Rene"]
[Black "Guindy, Esmat Susanne"]
[Result "0-1"]
[WhiteElo "2062"]
[BlackElo "2019"]
[WhiteFideId "1404792"]
[BlackFideId "1401637"]
[SourceTitle "Live"]

1. e4   e6  2. d4   d5  3. Nc3   Nf6  4. e5   Nfd7  5. f4   c5  6. Nf3   Nc6  7. Be3   a6  8. Qd2   b5  9. Ne2   b4  10. Nc1  10... Qb6  11. Qf2   a5  12. Nb3   cxd4  13. Nbxd4   Nxd4  14. Nxd4   Bc5  15. Bd3   Ba6  16. O-O   Bxd3  17. cxd3   O-O  18. Kh1   f6  19. exf6   Rxf6  20. Qg1  20... Raf8  21. Rfe1   e5  22. fxe5   Nxe5  23. Nf3   Bxe3  24. Rxe3   Nxf3  25. Rxf3   Qxg1+  26. Kxg1   Rxf3  27. gxf3   Rxf3  28. Rd1   d4  29. Kg2   Re3  30. Kf2  30... a4  31. Rd2   Kf7  0-1

[Event "Fredericia Chess 2024 Candidate"]
[Site "Fredericia Denmark"]
[Date "2024.05.11"]
[Round "3.1"]
[White "Motzkus, Mikkel Vinther"]
[Black "Kocak, Can"]
[Result "1/2-1/2"]
[WhiteElo "2092"]
[BlackElo "2088"]
[BlackFideId "6366929"]
[SourceTitle "Live"]

1. d4   d6  2. e4   Nf6  3. Nc3   g6  4. Nf3   Bg7  5. Be2   O-O  6. Be3   c6  7. Qd2   b5  8. a3   Bb7  9. O-O   Nbd7  10. Ng5  10... e5  11. dxe5   dxe5  12. f3   Qe7  13. Rfd1   Rfd8  14. Qd6   Qxd6  15. Rxd6   Bf8  16. Rdd1   h6  17. Nh3   Nc5  18. Rxd8   Rxd8  19. b4   Ne6  20. Rd1  20... Ra8  21. Nb1   a6  22. c4   Ne8  23. Bd3   N8c7  24. Nf2   h5  25. cxb5   axb5  26. Bc2   c5  27. Nd3   cxb4  28. axb4   Nd4  29. Bxd4   exd4  30. Bb3  30... Bc8  31. Nc5   Bxc5  32. bxc5   Be6  33. Nd2   Ra3  34. Bxe6   fxe6  35. e5   Rd3  36. Kf2   Nd5  37. Ke1   Re3+  38. Kf2   Nc3  39. Re1   Nd5  40. Ne4  40... b4  41. c6   Ra3  42. Rc1   Ra2+  43. Ke1   b3  44. c7   Nxc7  45. Rxc7   b2  46. Nd2   Ra1+  47. Ke2   b1=Q  48. Nxb1   Rxb1  49. Kd3   Rd1+  50. Ke4  50... d3  51. Ke3   d2  52. Rd7   Re1+  53. Kxd2   Rxe5  54. Ra7   h4  55. Ra4   g5  56. Rg4   Kf7  57. f4   Re4  58. Rxg5   Rxf4  59. Ke3   Ra4  60. Kf3  60... Kf6  61. Rg4   Ra3+  62. Kf2   Ra2+  63. Kf3   Ra3+  64. Kf2   h3  65. gxh3   Rxh3  66. Kg2   Ra3  67. h4   Kf5  68. Rg8   Ra4  69. Kg3   Ra3+  70. Kg2  1/2-1/2

[Event "Fredericia Chess 2024 Candidate"]
[Site "Fredericia Denmark"]
[Date "2024.05.11"]
[Round "3.2"]
[White "Rossen, Claus"]
[Black "Nielsen Refs, Karl Emil Elmer"]
[Result "0-1"]
[WhiteElo "2101"]
[BlackElo "2182"]
[WhiteFideId "1403222"]
[SourceTitle "Live"]

1. e4   c5  2. Nf3   d6  3. d4   cxd4  4. Nxd4   Nf6  5. Nc3   a6  6. h3   b5  7. g4   Bb7  8. Bg2   Qa5  9. O-O   b4  10. Nd5  10... e6  11. Nxf6+   gxf6  12. a3   h5  13. Be3   hxg4  14. hxg4   Bxe4  15. Nb3   Qb5  16. a4   Qc6  17. Na5   Qc7  18. Bxe4   d5  19. f4   Qxa5  20. Bf3  20... Bc5  21. Qe2   Qb6  22. Bxc5   Qxc5+  23. Kg2   Nc6  24. Rad1   Kf8  25. f5   Qd6  26. Rh1   Kg7  27. Qd2   Qe5  28. c3   bxc3  29. bxc3   Rag8  30. c4  30... Rb8  31. Qf2   Rxh1  32. Kxh1   Qf4  33. Rf1   Ne5  34. Be2   Qxf2  35. Rxf2   Nxc4  36. Bxc4   dxc4  37. Rc2   Rc8  38. Kg2   Kh6  39. Kf3   Kg5  40. Ke4  40... c3  0-1

[Event "Fredericia Chess 2024 Candidate"]
[Site "Fredericia Denmark"]
[Date "2024.05.11"]
[Round "3.3"]
[White "Hansen, Lars"]
[Black "Perets, Dmytro"]
[Result "1-0"]
[WhiteElo "2191"]
[BlackElo "2208"]
[WhiteFideId "1402528"]
[BlackFideId "14174456"]
[SourceTitle "Live"]

1. d4   c5  2. d5   g6  3. Nc3   Bg7  4. e4   d6  5. Nf3   Nf6  6. Bf4   Qa5  7. Nd2   Nh5  8. Nc4   Bxc3+  9. bxc3   Qxc3+  10. Bd2  10... Qd4  11. f3   b5  12. c3   Qf6  13. Na5   Qh4+  14. Ke2   Ng3+  15. hxg3   Qxh1  16. Kf2   Bd7  17. Qb3   a6  18. Re1   Qh5  19. c4   O-O  20. Bc3  20... f6  21. Be2   g5  22. Bd3   Qe8  23. Rh1   Rf7  24. Qb1   b4  25. e5   Kf8  26. e6   Rg7  27. exd7   Nxd7  28. Bb2   h5  29. Nc6   Nb8  30. Qe1  30... Nxc6  31. dxc6   Ra7  32. Qe6   Qf7  33. Qd7   e6  34. Qxd6+   Qe7  35. Qb8+   Kf7  36. Rxh5   Rc7  37. Rh6   e5  38. Be4   Ke6  39. Bd5+   Kd6  40. Rh8  1-0

[Event "Fredericia Chess 2024 Candidate"]
[Site "Fredericia Denmark"]
[Date "2024.05.11"]
[Round "3.4"]
[White "Skaarup, Kasper"]
[Black "Hansen, Per"]
[Result "1/2-1/2"]
[WhiteElo "2054"]
[BlackElo "2121"]
[WhiteFideId "1446045"]
[SourceTitle "Live"]

1. d4   d6  2. Nf3   Nd7  3. Bf4   g6  4. e3   Bg7  5. Be2   e6  6. Nbd2   Ne7  7. O-O   h6  8. h3   g5  9. Bh2   Ng6  10. c4  10... f5  11. Ne1   Nf6  12. e4   f4  13. e5   dxe5  14. Bd3   Kf7  15. Nef3   Nd7  16. Re1   exd4  17. Bxg6+   Kxg6  18. Rxe6+   Kf7  19. Qe2   Re8  20. Re1  20... Rxe6  21. Qxe6+   Kf8  22. Qd5   Bf6  23. Nxd4   Nb6  24. Qxd8+   Bxd8  25. Ne6+   Bxe6  26. Rxe6   Kf7  27. Rxh6   Bf6  28. Ne4   Bxb2  29. Nxg5+   Kg7  30. Re6  30... Nxc4  31. Bxf4   b5  32. Re7+   Kf6  33. Rxc7   Be5  34. Bxe5+   Nxe5  35. Ne4+   Ke6  36. f4   Nd3  37. Nc5+   Nxc5  38. Rxc5   b4  39. Kf2   a5  40. Ke3  40... a4  41. Kd3   Rg8  42. g4   Rh8  43. Kc4   b3  44. axb3   axb3  45. Kxb3   Rxh3+  46. Kc4   Rg3  47. Rg5   Rf3  48. Rg6+   Kf7  49. f5   Re3  50. Kd4  50... Re1  51. Kd5   Re2  52. Kd6   Re1  53. Kd7   Re7+  54. Kd6   Re1  55. g5   Rd1+  56. Kc7   Rd5  57. Rf6+   Kg7  58. Kc6   Ra5  59. Kb7   Re5  60. Kb6  60... Rd5  61. Kc6   Ra5  62. Kd6   Ra6+  63. Ke7   Ra7+  64. Ke6   Ra6+  65. Ke5   Rxf6  66. gxf6+   Kf7  67. Kf4   Kxf6  1/2-1/2

[Event "Fredericia Chess 2024 Candidate"]
[Site "Fredericia Denmark"]
[Date "2024.05.11"]
[Round "3.5"]
[White "Poulsen, Iver"]
[Black "Guindy, Esmat Susanne"]
[Result "1/2-1/2"]
[WhiteElo "2130"]
[BlackElo "2019"]
[WhiteFideId "1405110"]
[BlackFideId "1401637"]
[SourceTitle "Live"]

1. e4   e6  2. d4   d5  3. Nd2   Nf6  4. e5   Nfd7  5. f4   c5  6. c3   Qb6  7. Ndf3   Nc6  8. a3   c4  9. h4   Na5  10. Ne2  10... Nb3  11. Rb1   Nb8  12. Be3   Bd7  13. Nc1   Ba4  14. Nd2   Nc6  15. Ndxb3   Na5  16. Be2   Nxb3  17. Nxb3   Qxb3  18. Qxb3   Bxb3  19. Kd2   a5  20. g4  20... Be7  1/2-1/2

[Event "Fredericia Chess 2024 Candidate"]
[Site "Fredericia Denmark"]
[Date "2024.05.11"]
[Round "3.6"]
[White "Light, Bjarne"]
[Black "Andersen, Lars Rene"]
[Result "1-0"]
[WhiteElo "2238"]
[BlackElo "2062"]
[WhiteFideId "1401360"]
[BlackFideId "1404792"]
[SourceTitle "Live"]

1. c4   c6  2. Nf3   Nf6  3. Nc3   d5  4. e3   a6  5. b3   Bf5  6. Be2   h6  7. Bb2   e6  8. O-O   Nbd7  9. d4   Bd6  10. Bd3  10... Bxd3  11. Qxd3   O-O  12. e4   dxe4  13. Nxe4   Nxe4  14. Qxe4   Nf6  15. Qc2   Be7  16. Rfe1   Qc7  17. Qe2   Rfe8  18. Ne5   Rad8  19. Qf3   Bf8  20. c5  20... Nd5  21. Re4   Qe7  22. Rae1   Qf6  23. Qe2   Qf5  24. g3   Be7  25. Nc4   Rd7  26. a3   Rdd8  27. b4   Qh7  28. Ne5   f5  29. Qf3   Bf6  30. R4e2  30... Bxe5  31. Rxe5   Qg6  32. Qb3   Kh7  33. a4   Nc7  34. Qf3   Rd7  35. R5e2   Rd5  36. Bc3   Re7  37. Qd3   Red7  38. Qc4   Qf7  39. Bb2   Kg8  40. Kg2  40... Kh7  41. Re3   Qh5  42. Qc2   Kg8  43. Qb3   Qf7  44. Qa2   Kh7  45. Rf3   Qh5  46. Rf4   Qg6  47. Qa1   Rf7  48. Bc1   Qf6  49. h4   g5  50. Rf3  50... Qxd4  51. Bb2   Qxb4  52. hxg5   hxg5  53. Rh1+   Kg6  54. Rh8   Rh7  55. Rxh7   Kxh7  56. Qh1+   Kg6  57. Qh8   Rd7  58. Re3   Qc4  59. Qg8+   Kh5  60. Bf6  60... Qd5+  61. Kh2   f4  62. gxf4   Qf5  63. Rh3+   Kg4  64. Bxg5   Qf7  65. Qh8   Kf5  66. Qe5+  1-0

[Event "Fredericia Chess 2024 Candidate"]
[Site "Fredericia Denmark"]
[Date "2024.05.12"]
[Round "4.1"]
[White "Nielsen Refs, Karl Emil Elmer"]
[Black "Kocak, Can"]
[Result "1-0"]
[WhiteElo "2182"]
[BlackElo "2088"]
[BlackFideId "6366929"]
[SourceTitle "Live"]

1. d4   d6  2. e4   g6  3. Nc3   Bg7  4. Be3   a6  5. a4   b6  6. Nf3   Bb7  7. Bc4   e6  8. O-O   Nd7  9. Qd2   h6  10. h3  10... Ne7  11. Rae1   g5  12. Nh2   Ng6  13. f4   gxf4  14. Bxf4   Nxf4  15. Rxf4   Qe7  16. Ref1   Rf8  17. Nf3   c5  18. Ne2   O-O-O  19. Rg4   Rg8  20. Qd3  20... h5  21. Rg5   Bxd4+  22. Nexd4   Rxg5  23. Nxg5   Ne5  24. Rxf7   Qxg5  25. Nxe6   Qc1+  26. Qf1   Qxf1+  27. Rxf1   Nxc4  28. Nxd8   Kxd8  29. b3   Nd2  30. Rf6  30... Ke7  31. e5   dxe5  32. Rxb6   Be4  33. c3   Bd3  34. b4   cxb4  35. cxb4   e4  36. Kf2   e3+  37. Kxe3   Nc4+  38. Kxd3   Nxb6  39. g4   h4  40. a5  40... Nd5  41. Kc4   Ne3+  42. Kc5   Nxg4  43. Kb6   Kd7  44. Kxa6   Ne5  45. Kb7   Nc4  46. a6   Nd6+  47. Kb8   Nb5  48. a7   Nc7  49. Kb7  1-0

[Event "Fredericia Chess 2024 Candidate"]
[Site "Fredericia Denmark"]
[Date "2024.05.12"]
[Round "4.2"]
[White "Hansen, Lars"]
[Black "Motzkus, Mikkel Vinther"]
[Result "1-0"]
[WhiteElo "2191"]
[BlackElo "2092"]
[WhiteFideId "1402528"]
[BlackFideId "1402528"]
[SourceTitle "Live"]

1. Nf3   d5  2. b3   c5  3. e3   Nc6  4. Bb2   e6  5. Bb5   Bd7  6. O-O   Nf6  7. Bxc6   Bxc6  8. Ne5   Be7  9. d3   Rc8  10. Nd2  10... O-O  11. f4   b5  12. Rf3   Nd7  13. Rg3   Nxe5  14. Bxe5   f6  15. Qg4   Rf7  16. Bb2   Bd7  17. c4   dxc4  18. dxc4   b4  19. Rd1   f5  20. Qh5  20... Bf6  21. Bxf6   Qxf6  22. Nf3   Bc6  23. Ng5   Qg6  24. Qxg6   hxg6  25. Nxf7   Kxf7  26. Rd6   Ke7  27. Rd2   Kf6  28. Kf2   a5  29. h4   a4  30. bxa4  30... Ra8  31. Rh3   Rxa4  32. Rh1   Ra3  33. Rc1   Be4  34. g3   Rc3  35. Rxc3   bxc3  36. Rd1   e5  37. Rc1   c2  38. Ke2   exf4  39. gxf4  1-0